| 000 | 01543nam a2200253 i 4500 | ||
|---|---|---|---|
| 001 | 146750 | ||
| 003 | ES-MaACL | ||
| 005 | 20260511145842.0 | ||
| 007 | t| | ||
| 008 | 070917m19501951fr ||||1| fre d | ||
| 100 |
_aTroyat, Henri, _d1911-2007 _9233580 |
||
| 245 | 1 | 0 |
_aTant que la terre durera _b: roman / _cHenri Troyat. |
| 260 |
_aParis : _bEdit de la Table Ronde, _c[1950] |
||
| 300 |
_a3 t. ; _c23 cm. |
||
| 505 | 8 | _aContiene: T. I.- Tant que la terre durera.- T. II.- Le sac et la cendre.- T. III.- Etrangers sur la terre | |
| 655 | 0 |
_aNovelas _9234319 |
|
| 852 |
_aES-MaACL _jD-6605 _bR.31150 _bR.M.6194 _9152033 _cSVI _eEl libro no tiene contracubierta. _fSello en tinta azul de la Biblioteca del Ateneo de Madrid. _pv.1 _zSello en titna azul en cubierta: "10.ENE.1952" |
||
| 852 |
_aES-MaACL _jD-6606 _bR.31150 _bR.M.6195 _cSVI _eEl libro no tiene contracubierta. _fSello en tinta azul de la Biblioteca del Ateneo de Madrid. _pv.2 _zSello en titna azul en cubierta: "10.ENE.1952" _9204982 _gAnotación manuscrita a lápiz en cubierta: "27". |
||
| 852 |
_aES-MaACL _jD-6607 _bR.31150 _bR.M.6196 _cSVI _fSello en tinta azul de la Biblioteca del Ateneo de Madrid. _pv.3 _zSello en titna azul en cubierta: "10.ENE.1952" _9204983 _gAnotación manuscrita a lápiz en cubierta: "23". _gAnotación manuscrita a lápiz en cubierta: "W". |
||
| 942 |
_2udc _cMONOGRAFIA |
||
| 999 |
_c146750 _d146750 |
||